[Event "Titled Tue 10th Jun Early"]
[Site "chess.com INT"]
[Date "2025.06.10"]
[Round "10"]
[White "Tahmasebi, Hamidreza"]
[Black "Garcia, Erick"]
[Result "1/2-1/2"]
[WhiteTitle "FM"]
[WhiteElo "2298"]
[BlackElo "2135"]
[WhiteFideId "12537527"]
[BlackFideId "2058880"]
[EventDate "2025.06.10"]

1. e4 e5 2. Nf3 Nc6 3. Bb5 a6 4. Ba4 Nf6 5. O-O Be7 6. d4 exd4 7. e5 Ne4 8. Nxd4
Nc5 9. Bxc6 dxc6 10. Nc3 O-O 11. Be3 Ne6 12. Nf5 Bc5 13. Ne4 Bxe3 14. fxe3 Qxd1
15. Raxd1 Re8 16. Rf2 b6 17. Rdf1 Bd7 18. Nd4 Rf8 19. Rd2 Rad8 20. Rfd1 Rde8 21.
Nf5 Bc8 22. c4 a5 23. g4 h6 24. Kf2 Ng5 25. Nxg5 hxg5 26. c5 Bxf5 27. gxf5 Rxe5
28. cxb6 Rxf5+ 29. Kg2 cxb6 30. Rd6 Rc5 31. R1d2 g6 32. Rd7 Re8 33. Rb7 b5 34.
Rf2 Rf5 35. Rxf5 gxf5 36. Kf3 Re6 37. b3 g4+ 38. Kf4 Re4+ 39. Kxf5 Rxe3 40. Ra7
Re2 41. Rxa5 Rxh2 42. Kxg4 Rc2 43. a4 b4 44. Rf5 Rc3 45. Rf3 c5 46. a5 Rc1 47.
Rf5 c4 48. bxc4 Rxc4+ 49. Kg5 b3 50. Rb5 Ra4 51. Kf6 b2 52. Rb8+ Kh7 53. Rxb2
Rxa5 54. Kxf7 Rf5+ 55. Ke6 Rf1 56. Ke5 Kg6 57. Rg2+ Kf7 58. Rg4 Rf2 59. Rf4+
Rxf4 60. Kxf4 1/2-1/2

[Event "Titled Tue 10th Jun Early"]
[Site "chess.com INT"]
[Date "2025.06.10"]
[Round "10"]
[White "Borgaonkar, Akshay"]
[Black "Galchenko, Matvey"]
[Result "0-1"]
[WhiteTitle "FM"]
[BlackTitle "IM"]
[WhiteElo "2453"]
[BlackElo "2435"]
[WhiteFideId "25639110"]
[BlackFideId "24175480"]
[EventDate "2025.06.10"]

1. e4 e6 2. d4 d5 3. Nc3 Bb4 4. e5 Ne7 5. a3 Bxc3+ 6. bxc3 c5 7. Qg4 cxd4 8.
Qxg7 Rg8 9. Qxh7 Qc7 10. Ne2 Nbc6 11. f4 Bd7 12. h4 dxc3 13. h5 d4 14. h6 O-O-O
15. Qd3 Kb8 16. h7 Rh8 17. g4 Bc8 18. Bg2 b6 19. Rb1 Bb7 20. a4 Na5 21. Bxb7
Nxb7 22. Ba3 Nc5 23. Bxc5 Qxc5 24. Rh3 Nc6 25. Qb5 Kc7 26. Qxc5 bxc5 27. Rb5 Rd5
28. Ng3 a6 29. Rb1 Nb4 30. Rh2 d3 31. cxd3 c2 32. Rc1 Nxd3+ 33. Kd2 Nxc1+ 34.
Kxc1 Rd4 35. Ne2 Rxa4 36. Kxc2 Kc6 37. g5 a5 38. Rh3 Ra2+ 39. Kd1 Ra1+ 40. Kd2
Rf1 41. Ke3 a4 42. Ng3 Rb1 43. Rh2 Rb3+ 44. Ke4 Rxg3 45. Ra2 a3 46. f5 Rxh7 47.
fxe6 fxe6 48. Kf4 Rhh3 49. Rd2 Rd3 50. Rg2 Rd4# 0-1

[Event "Titled Tue 10th Jun Early"]
[Site "chess.com INT"]
[Date "2025.06.10"]
[Round "10"]
[White "Andrejevs, Arvids"]
[Black "Kozak, Antoni"]
[Result "1-0"]
[WhiteTitle "CM"]
[WhiteElo "2165"]
[BlackElo "2426"]
[WhiteFideId "11602708"]
[BlackFideId "21832030"]
[EventDate "2025.06.10"]

1. Nf3 f5 2. e4 fxe4 3. Ng5 Nf6 4. d3 e5 5. dxe4 h6 6. Nf3 Nc6 7. Bc4 g5 8. Bxg5
hxg5 9. Nxg5 Qe7 10. Bf7+ Kd8 11. Ne6+ Qxe6 12. Bxe6 Nxe4 13. Bd5 Nf6 14. Bxc6
bxc6 15. Nc3 Rb8 16. Qf3 Be7 17. O-O-O d5 18. h3 Rh4 19. Rhe1 Nd7 20. Qf7 Rf4
21. Qg8+ Rf8 22. Qg3 Rb4 23. Rxe5 Bh4 24. Qe3 Nxe5 25. Qxe5 Bxf2 26. Nxd5 cxd5
27. Rxd5+ Bd7 28. Qe6 Be3+ 29. Qxe3 Rbf4 30. b3 Kc8 31. Qxa7 Bc6 32. Rc5 Bb7 33.
Rb5 Bc6 34. Rb8+ Kd7 35. Rxf8 Rxf8 36. Qc5 Re8 37. g4 Re2 38. a4 Rh2 39. Qd4+
Kc8 40. Qd3 Rf2 41. Kb2 Rf3 42. Qh7 Re3 43. g5 Be4 44. Qg8+ Kb7 45. h4 Re2 46.
Qc4 Re3 47. Qb4+ Kc8 48. h5 Re2 49. Qc4 Re3 50. g6 Bf5 51. g7 1-0

[Event "Titled Tue 10th Jun Early"]
[Site "chess.com INT"]
[Date "2025.06.10"]
[Round "10"]
[White "Nagare Kaivalya Sandip"]
[Black "Le, Tuan Minh"]
[Result "0-1"]
[WhiteTitle "FM"]
[BlackTitle "GM"]
[WhiteElo "2321"]
[BlackElo "2598"]
[WhiteFideId "25957929"]
[BlackFideId "12401153"]
[EventDate "2025.06.10"]

1. e4 e5 2. Nf3 Nc6 3. Bb5 a6 4. Ba4 Bc5 5. c3 Nge7 6. d4 exd4 7. cxd4 Bb4+ 8.
Nc3 d5 9. O-O O-O 10. Nxd5 Nxd5 11. exd5 Qxd5 12. Bb3 Qh5 13. Ne5 Qxd1 14. Rxd1
Nxe5 15. dxe5 Re8 16. Bf4 Bf5 17. Rac1 c6 18. f3 h5 19. Kf2 Ba5 20. h3 h4 21. g4
hxg3+ 22. Kxg3 Rad8 23. h4 Bb6 24. h5 Bd4 25. Rg1 Bxb2 26. Rce1 Bc3 27. Re2 Kf8
28. h6 Bg6 29. Rh1 Kg8 30. hxg7 Kxg7 31. Bh6+ Kg8 32. Bg5 Rd6 33. exd6 Rxe2 34.
d7 Be5+ 35. f4 Bc7 36. Bf6 Bh7 37. d8=Q+ Bxd8 38. Bxd8 b5 39. Rc1 Rd2 0-1

[Event "Titled Tue 10th Jun Early"]
[Site "chess.com INT"]
[Date "2025.06.10"]
[Round "10"]
[White "Navoyan, Gagik"]
[Black "Grave, Jacob Templen"]
[Result "1/2-1/2"]
[WhiteTitle "CM"]
[BlackTitle "FM"]
[WhiteElo "2186"]
[BlackElo "2350"]
[WhiteFideId "13314866"]
[BlackFideId "1542656"]
[EventDate "2025.06.10"]

1. e4 e5 2. Nf3 Nc6 3. d4 exd4 4. Nxd4 Nf6 5. Nxc6 bxc6 6. e5 Qe7 7. Qe2 Nd5 8.
Nd2 g6 9. c4 Ba6 10. Nf3 Bg7 11. Bg5 Qb4+ 12. Qd2 Qxd2+ 13. Bxd2 Ne7 14. Bc3 c5
15. O-O-O Bb7 16. Be2 Rd8 17. Rhe1 O-O 18. Bd3 Rfe8 19. Be4 Bxe4 20. Rxe4 Nc6
21. Rde1 Re7 22. Nd2 Rde8 23. f4 d6 24. exd6 cxd6 25. Rxe7 Rxe7 26. Rxe7 Nxe7
27. Bxg7 Kxg7 28. Ne4 Nc8 29. Kd2 f5 30. Nc3 Kf6 31. a3 Ke6 32. Kd3 Nb6 33. b4
d5 34. cxd5+ Nxd5 35. Nxd5 Kxd5 36. b5 c4+ 37. Kc3 Kc5 38. a4 Kd5 39. a5 Kc5 40.
b6 axb6 41. a6 Kc6 42. Kxc4 b5+ 43. Kb4 Kb6 44. a7 Kxa7 45. Kxb5 Kb7 46. Kc5 Kc7
47. Kd5 Kd7 48. Ke5 Ke7 49. g3 Kf7 50. h3 Ke7 51. g4 fxg4 52. hxg4 h5 53. gxh5
gxh5 54. Kf5 Kf7 55. Kg5 Ke6 56. f5+ Kf7 57. Kxh5 Kf6 58. Kg4 Kf7 59. Kg5 Kg7
60. f6+ Kf7 61. Kf5 Kf8 62. Kg6 Kg8 63. Kf5 Kf7 64. Kg5 Kf8 65. Kg6 Kg8 66. Kf5
Kf7 67. Ke5 Kf8 68. Ke6 Ke8 69. Ke5 Kf7 70. Kf5 Kf8 71. Ke6 Ke8 72. Kd6 Kf7 73.
Ke5 Kf8 74. Ke6 1/2-1/2

[Event "Titled Tue 10th Jun Early"]
[Site "chess.com INT"]
[Date "2025.06.10"]
[Round "10"]
[White "Lacasa Diaz, Josep Anton"]
[Black "Yang, Daniel"]
[Result "0-1"]
[WhiteTitle "IM"]
[BlackTitle "CM"]
[WhiteElo "2315"]
[BlackElo "2198"]
[WhiteFideId "2203375"]
[BlackFideId "30976340"]
[EventDate "2025.06.10"]

1. e4 c5 2. Nf3 d6 3. Bb5+ Nd7 4. d4 cxd4 5. Qxd4 a6 6. Bxd7+ Bxd7 7. Nc3 e5 8.
Qd3 Nf6 9. Nd2 b5 10. Nf1 b4 11. Nd5 Nxd5 12. Qxd5 Be6 13. Qd3 d5 14. exd5 Qxd5
15. Qxd5 Bxd5 16. Ne3 Be6 17. Bd2 Bc5 18. O-O-O O-O 19. Rhe1 a5 20. h3 a4 21.
Ng4 f6 22. Be3 Bxe3+ 23. Rxe3 Bxa2 24. b3 axb3 25. cxb3 h5 26. Nh2 Ra3 27. Kb2
Rfa8 28. Nf3 Bxb3 29. Rxb3 Ra2+ 30. Kc1 Ra1+ 31. Kd2 Rd8+ 32. Ke2 Raxd1 33. Rxb4
R1d5 34. g4 hxg4 35. hxg4 Rc8 36. g5 Rc2+ 37. Kf1 fxg5 38. Nxg5 Rc8 39. Rb7 Rd6
40. Re7 Rg6 41. Rxe5 Rf6 42. Kg2 Rc2 43. Ne4 Rf4 44. Kg3 Rf8 45. f4 Ra2 46. Ng5
Ra3+ 47. Kg4 Ra1 48. Re7 Rg1+ 49. Kh5 Rxf4 50. Rxg7+ Kxg7 51. Ne6+ Kf6 52. Nxf4
Kf5 53. Nh3 Rg8 0-1

[Event "Titled Tue 10th Jun Early"]
[Site "chess.com INT"]
[Date "2025.06.10"]
[Round "10"]
[White "Nikulina, Alena"]
[Black "Khalafvand, Dorsa Sadat"]
[Result "1-0"]
[WhiteTitle "WFM"]
[BlackTitle "WCM"]
[WhiteElo "1875"]
[BlackElo "1985"]
[WhiteFideId "4172051"]
[BlackFideId "36767522"]
[EventDate "2025.06.10"]

1. e4 c6 2. d4 d5 3. Nc3 dxe4 4. Nxe4 Nf6 5. Nxf6+ exf6 6. Nf3 Bd6 7. Bd3 O-O 8.
Be3 Bg4 9. h3 Bh5 10. g4 Bg6 11. Qd2 Nd7 12. O-O-O Rc8 13. h4 Bxd3 14. Qxd3 c5
15. Kb1 cxd4 16. Nxd4 Ne5 17. Qe2 Qe8 18. Nf5 Bb8 19. g5 Qe6 20. Nd4 Qe7 21.
gxf6 Qxf6 22. Bg5 Qb6 23. Nf5 Nc4 24. c3 Qg6 25. Qc2 Qb6 26. Ne7+ Kh8 27. Nxc8
Rxc8 28. Ka1 Be5 29. h5 h6 30. Be3 Qb5 31. Bd4 Bf4 32. Rhg1 Bg5 33. f4 Bf6 34.
Bxf6 gxf6 35. Rd4 Qc5 36. Rgd1 Ne3 37. Rd8+ Rxd8 38. Rxd8+ Kg7 39. Qf2 Qc6 40.
Qg3+ Ng4 41. Qxg4+ Kh7 42. Qg8# 1-0

[Event "Titled Tue 10th Jun Early"]
[Site "chess.com INT"]
[Date "2025.06.10"]
[Round "10"]
[White "Ocampos, Ian"]
[Black "Bold, Andre"]
[Result "0-1"]
[BlackTitle "CM"]
[WhiteElo "2216"]
[BlackElo "2235"]
[WhiteFideId "117544"]
[BlackFideId "16208471"]
[EventDate "2025.06.10"]

1. e4 c5 2. d4 cxd4 3. c3 Nc6 4. cxd4 d5 5. exd5 Qxd5 6. Nf3 e5 7. Nc3 Bb4 8.
Bd2 Bxc3 9. bxc3 exd4 10. cxd4 Nxd4 11. Nxd4 Qxd4 12. Bb5+ Bd7 13. Qe2+ Ne7 14.
O-O Bxb5 15. Qxb5+ Qd7 16. Qg5 O-O 17. Bc3 Ng6 18. Rad1 Qa4 19. Rd4 Qxa2 20. h4
f6 21. Qg3 Ne5 22. h5 h6 23. f4 Nc6 24. Rd7 Rf7 25. Rfd1 Qe6 26. f5 Qxd7 27.
Rxd7 Rxd7 28. Bxf6 Rf8 29. Qb3+ Kh8 30. Bb2 Rxf5 31. Qe6 Rd1+ 32. Kh2 Rxh5+ 33.
Kg3 Rg5+ 34. Kh2 Kh7 35. Qe4+ Rg6 36. Bc3 Rd8 37. g4 Rd7 38. Kh3 Rf7 39. Kh4 Re7
40. Qd3 Re6 41. Kh5 Ne5 42. Bxe5 Rxe5+ 43. Kh4 Rg5 44. Qc2 Rxg4+ 45. Kh5 Rg5+
46. Kh4 b5 47. Qb1 b4 48. Qc2 a5 49. Qb1 a4 50. Qc2 b3 51. Qb1 Rg1 52. Qf5 Rh1+ 0-1

[Event "Titled Tue 10th Jun Early"]
[Site "chess.com INT"]
[Date "2025.06.10"]
[Round "10"]
[White "Lai, Duc Minh"]
[Black "Klys, Kacper"]
[Result "1-0"]
[WhiteElo "2072"]
[BlackElo "2218"]
[WhiteFideId "12420387"]
[BlackFideId "21005281"]
[EventDate "2025.06.10"]

1. e4 e6 2. d4 d5 3. Bd3 c5 4. exd5 exd5 5. Qe2+ Be6 6. dxc5 Bxc5 7. Nf3 Nf6 8.
O-O O-O 9. Nbd2 Nbd7 10. Nb3 Bd6 11. h3 h6 12. c3 Re8 13. Qc2 Rc8 14. Be3 a5 15.
a4 Ne4 16. Rfe1 Qf6 17. Nfd4 Qe5 18. f4 Qf6 19. Nxe6 Qxe6 20. Bb5 Red8 21. Rad1
Ndf6 22. Nxa5 Qf5 23. Nxb7 Bxf4 24. Bxf4 Qxf4 25. Nxd8 Rxd8 26. a5 Qb8 27. Qa4
Qa7+ 28. Rd4 Rb8 29. a6 Nd6 30. Bd3 Nfe4 31. Bxe4 Nxe4 32. Qc6 Nf6 33. b4 Kh7
34. b5 Rb6 35. Qc5 Qb8 36. Ra1 Qa7 37. Qxb6 Qxb6 38. a7 Ne4 39. a8=Q Nxc3 40.
Qa7 Qxa7 41. Rxa7 Nxb5 42. Raa4 f6 43. Rab4 Nc7 44. Rb7 Ne6 45. Rxd5 Nf4 46.
Rdd7 Ne6 47. Re7 Nf4 48. Rxg7+ Kh8 49. Rh7+ Kg8 50. Rhc7 Ne6 1-0

[Event "Titled Tue 10th Jun Early"]
[Site "chess.com INT"]
[Date "2025.06.10"]
[Round "10"]
[White "Pranesh, M"]
[Black "Dragnev, Valentin"]
[Result "1-0"]
[WhiteTitle "GM"]
[BlackTitle "GM"]
[WhiteElo "2580"]
[BlackElo "2547"]
[WhiteFideId "35028600"]
[BlackFideId "1634852"]
[EventDate "2025.06.10"]

1. Nf3 d5 2. g3 e6 3. Bg2 c5 4. O-O Nc6 5. b3 Nf6 6. Bb2 Be7 7. e3 O-O 8. c4 d4
9. exd4 cxd4 10. Re1 Re8 11. Ne5 Nxe5 12. Rxe5 Bd6 13. Re1 e5 14. d3 Bg4 15. Bf3
Qd7 16. Nd2 Bf5 17. Qe2 Rad8 18. a3 a5 19. Ne4 Nxe4 20. Bxe4 Bxe4 21. Qxe4 Bc5
22. Qf3 f5 23. Rad1 g6 24. Bc1 Re6 25. Bd2 b6 26. b4 axb4 27. axb4 Bf8 28. Ra1
Rde8 29. Qd5 Qxd5 30. cxd5 Rd6 31. Ra6 Bg7 32. f3 Rb8 33. Rc1 Rxd5 34. Rc6 Rb5
35. Ra7 Re8 36. Rcc7 Bf8 37. Rxh7 e4 38. Bh6 exd3 39. Bxf8 d2 40. Bh6 d1=Q+ 41.
Kg2 Re2+ 42. Kh3 Qf1+ 43. Kh4 Rxh2+ 44. Kg5 f4+ 45. Kf6 Rf5+ 46. Kxg6 Rxh6+ 47.
Rxh6 Rf7 48. Ra8+ Rf8 49. Rh8+ Kxh8 50. Rxf8# 1-0

[Event "Titled Tue 10th Jun Early"]
[Site "chess.com INT"]
[Date "2025.06.10"]
[Round "10"]
[White "Sturt, Raven"]
[Black "Zhauynbay, Alimzhan"]
[Result "0-1"]
[WhiteTitle "GM"]
[BlackTitle "CM"]
[WhiteElo "2459"]
[BlackElo "2133"]
[WhiteFideId "2007304"]
[BlackFideId "13782657"]
[EventDate "2025.06.10"]

1. f4 Nf6 2. Nf3 g6 3. c4 Bg7 4. Nc3 O-O 5. e4 d6 6. d4 c5 7. dxc5 dxc5 8. Qxd8
Rxd8 9. e5 Ne8 10. Be3 b6 11. Nd5 Kf8 12. O-O-O Bb7 13. Bd3 Nc6 14. Be4 Nb4 15.
a3 Nxd5 16. Bxd5 Bxd5 17. Rxd5 Rxd5 18. cxd5 Rd8 19. Rd1 Nc7 20. d6 exd6 21.
exd6 Nb5 22. Ne5 Rxd6 23. a4 Rxd1+ 24. Kxd1 Bxe5 25. fxe5 Nc7 26. Ke2 Ke7 27.
Kd3 Ke6 28. Ke4 Nd5 29. Bd2 a5 30. Bg5 Ne7 31. Bxe7 Kxe7 32. Kd5 Kd7 33. h4 h6
34. g4 g5 35. h5 Ke7 36. Ke4 Kd8 37. Kd5 Kd7 38. b3 Ke7 39. Kc6 Ke6 40. Kxb6
Kxe5 41. Kxa5 f5 42. Kb6 fxg4 43. a5 g3 44. a6 g2 45. a7 g1=Q 46. a8=Q c4+ 47.
Kb5 cxb3 48. Qb8+ Kf5 49. Qc8+ Kf4 50. Qc4+ Kg3 51. Qxb3+ Kh4 52. Qe6 Qf1+ 53.
Kb4 Qf4+ 54. Ka3 Qf3+ 55. Kb2 Kxh5 56. Ka1 g4 57. Qe5+ Kg6 58. Qe6+ Qf6+ 0-1

[Event "Titled Tue 10th Jun Early"]
[Site "chess.com INT"]
[Date "2025.06.10"]
[Round "10"]
[White "Van Baar, Esper"]
[Black "Murthy, Pappu"]
[Result "1-0"]
[WhiteTitle "FM"]
[WhiteElo "2232"]
[BlackElo "1838"]
[WhiteFideId "1049321"]
[BlackFideId "2013401"]
[EventDate "2025.06.10"]

1. e4 e5 2. Nf3 Nc6 3. d4 exd4 4. Nxd4 Nf6 5. Nc3 Bb4 6. Nxc6 bxc6 7. Bd3 d5 8.
exd5 Bg4 9. f3 Bh5 10. O-O O-O 11. dxc6 Qd4+ 12. Kh1 Bxc3 13. bxc3 Qxc3 14. Rb1
Qxc6 15. Bb2 Rad8 16. Qe1 Rfe8 17. Qc3 Qd6 18. Ba1 Rb8 19. Rxb8 Rxb8 20. Re1 Bg6
21. Bxg6 hxg6 22. Qa5 a6 23. Be5 Qd5 24. Qxd5 Nxd5 25. c4 Ne3 26. Bxc7 Rb2 27.
Be5 Rc2 28. Bf4 Nxg2 29. Rc1 Rxa2 30. Bg3 Ne3 31. c5 Nd5 32. c6 f5 33. c7 Nxc7
34. Bxc7 g5 35. Be5 g6 36. Rc7 Re2 37. Bf6 g4 38. Rg7+ Kf8 39. fxg4 f4 40. Ra7
f3 41. Kg1 Rg2+ 42. Kf1 Rxh2 43. g5 Ra2 44. Kg1 a5 45. Kf1 a4 46. Ra5 1-0

[Event "Titled Tue 10th Jun Early"]
[Site "chess.com INT"]
[Date "2025.06.10"]
[Round "10"]
[White "Biazliudau, Stanislau"]
[Black "Agarwal, Amaya"]
[Result "1-0"]
[WhiteTitle "CM"]
[BlackTitle "WCM"]
[WhiteElo "2150"]
[BlackElo "2004"]
[WhiteFideId "13508733"]
[BlackFideId "48733580"]
[EventDate "2025.06.10"]

1. c4 e6 2. g3 d5 3. Bg2 Nf6 4. Nf3 d4 5. d3 Be7 6. O-O O-O 7. e4 c5 8. Ne1 e5
9. h3 Nc6 10. Kh2 a6 11. f4 b5 12. Nd2 Bb7 13. Ndf3 Nd7 14. f5 bxc4 15. dxc4 Na5
16. Nd2 Nf6 17. Nd3 Qc7 18. b3 Nc6 19. g4 h6 20. Qf3 Nb4 21. Nxb4 cxb4 22. Qd3
Nd7 23. Re1 Nc5 24. Qg3 Bg5 25. Nf1 Bxc1 26. Raxc1 Rad8 27. Nd2 d3 28. h4 a5 29.
Re3 a4 30. g5 Kh7 31. g6+ fxg6 32. Qxg6+ Kh8 33. Rg1 axb3 34. axb3 Qc6 35. Qg4
Qd7 36. Bh1 Qf7 37. Reg3 Rg8 38. Bf3 Rd7 39. Qh3 Qf8 40. Qg2 Rf7 41. Rg6 Rf6 42.
Qg3 Rxg6 43. Qxg6 Qf6 44. Qg4 Qf7 45. Kh3 Bc8 46. Kh2 g6 47. Qg3 gxf5 48. Qxe5+
Kh7 49. Rxg8 Qxg8 50. Qxc5 fxe4 51. Bxe4+ Kh8 52. Qe5+ Qg7 53. Qxg7+ Kxg7 54.
Kg3 Bd7 55. Kf4 Kf7 56. Ke5 Ke7 57. Bxd3 Bc6 58. Be4 Kd7 59. Bxc6+ Kxc6 60. Ne4
Kb6 61. Kd5 Kc7 62. c5 Kb7 63. c6+ Kb8 64. Kd6 Kc8 65. c7 Kb7 66. Kd7 Ka6 67.
c8=Q+ Kb6 68. Qc6+ Ka7 69. Nc5 Kb8 70. Qb7# 1-0

[Event "Titled Tue 10th Jun Early"]
[Site "chess.com INT"]
[Date "2025.06.10"]
[Round "10"]
[White "Ter-Sahakyan, Samvel"]
[Black "Barseghyan, Armen Ar."]
[Result "1-0"]
[WhiteTitle "GM"]
[BlackTitle "IM"]
[WhiteElo "2611"]
[BlackElo "2348"]
[WhiteFideId "13302531"]
[BlackFideId "13306707"]
[EventDate "2025.06.10"]

1. d4 Nf6 2. Nf3 e6 3. Bf4 c5 4. e3 Be7 5. h3 b6 6. Nbd2 Bb7 7. c3 O-O 8. Bd3 d6
9. Bh2 a6 10. O-O b5 11. a4 Qb6 12. Qb3 Nc6 13. Nc4 Na5 14. Nxb6 Nxb3 15. Nxa8
Nxa1 16. dxc5 dxc5 17. axb5 Nb3 18. Nc7 Bxf3 19. gxf3 axb5 20. Rd1 c4 21. Be2 b4
22. Bxc4 Na5 23. Be2 bxc3 24. bxc3 Rc8 25. c4 g5 26. Ra1 Nb3 27. Rb1 Nc5 28. Nb5
Nfd7 29. Nd6 Ra8 30. Nb7 Ra2 31. Kf1 Kg7 32. Nxc5 Nxc5 33. Be5+ f6 34. Bd4 Kf7
35. Ra1 Rc2 36. Ra7 Nb3 37. Bb6 Nd2+ 38. Kg2 Nb3 39. Bd3 Rc3 40. Be4 Ke8 41.
Bc6+ Kf8 42. Bb5 Nd2 43. Bd4 Rc2 44. Ra8+ Kf7 45. Be8+ Kg7 46. Ra7 1-0

[Event "Titled Tue 10th Jun Early"]
[Site "chess.com INT"]
[Date "2025.06.10"]
[Round "10"]
[White "Matskevich, Varvara"]
[Black "Fomevor, Cephas Clinton"]
[Result "1-0"]
[WhiteTitle "WFM"]
[BlackTitle "CM"]
[WhiteElo "1911"]
[BlackElo "1883"]
[WhiteFideId "13523465"]
[BlackFideId "12601330"]
[EventDate "2025.06.10"]

1. e4 c5 2. d3 Nc6 3. g3 g6 4. Bg2 Bg7 5. c3 d6 6. Ne2 e5 7. O-O Nge7 8. Be3 O-O
9. f4 exf4 10. gxf4 f5 11. Ng3 Be6 12. Nd2 Qb6 13. Rb1 Qa6 14. Qc2 Rad8 15. a3
Kh8 16. Nf3 h6 17. Rbe1 Qb5 18. Nd2 a5 19. Rf2 Qb6 20. b4 axb4 21. axb4 Qb5 22.
bxc5 dxc5 23. Bf1 Qa5 24. Rc1 b5 25. Bxc5 Qc7 26. Be3 Qb7 27. e5 Nd5 28. Bc5
Rfe8 29. Nb3 Bf8 30. Bxf8 Rxf8 31. Nc5 Qe7 32. d4 b4 33. Nxe6 Qxe6 34. c4 Ne3
35. Qb3 Nxf1 36. d5 Qf7 37. Rcxf1 Nd4 38. Qxb4 Rb8 39. Qc3 Nb3 40. e6+ Qg7 41.
Qxg7+ Kxg7 42. Ne2 Nc5 43. Nd4 Ne4 44. Re2 Kf6 45. Nc6 Rb3 46. e7 Re8 47. Rxe4
fxe4 48. d6 e3 49. d7 Rxe7 50. d8=Q e2 51. Re1 1-0

[Event "Titled Tue 10th Jun Early"]
[Site "chess.com INT"]
[Date "2025.06.10"]
[Round "10"]
[White "Galperin, Platon"]
[Black "Rahman, Masruri"]
[Result "0-1"]
[WhiteTitle "GM"]
[BlackTitle "FM"]
[WhiteElo "2500"]
[BlackElo "2407"]
[WhiteFideId "14165414"]
[BlackFideId "7101163"]
[EventDate "2025.06.10"]

1. e4 e6 2. d4 d5 3. e5 c5 4. c3 Nc6 5. Nf3 Qb6 6. Bd3 cxd4 7. O-O Bd7 8. Nbd2
dxc3 9. bxc3 a5 10. Nb3 a4 11. Be3 Qc7 12. Nbd4 Nh6 13. Nb5 Qb8 14. c4 dxc4 15.
Bb6 Be7 16. Nc7+ Kf8 17. Bxc4 Be8 18. Nxa8 Qxa8 19. Qd3 Nf5 20. Rad1 g6 21. g4
Nh4 22. Nxh4 Bxh4 23. Qh3 Be7 24. Qh6+ Kg8 25. f4 Bf8 26. Qh4 h5 27. f5 hxg4 28.
Qxg4 Nxe5 29. Qf4 Nxc4 30. fxe6 Rh7 31. Qxc4 Qb8 32. Rf2 Bd6 33. Qd5 Bxh2+ 34.
Kf1 Bg3 35. exf7+ Rxf7 36. Rxf7 Bxf7 37. Qd8+ Qxd8 38. Rxd8+ Kh7 39. Rd7 Kg8 40.
a3 Be5 41. Rxb7 Bc4+ 42. Kf2 Bb3 43. Ke3 Bb2 44. Bc5 g5 45. Kf3 Bd5+ 46. Kg4
Bxb7 47. Kxg5 Kf7 48. Kf4 Ke6 49. Ke3 Kd5 50. Bf8 Kc4 51. Kd2 Kb3 52. Kd1 Bxa3
53. Bxa3 Kxa3 54. Kc1 Ka2 55. Kc2 a3 56. Kc1 Be4 0-1

[Event "Titled Tue 10th Jun Early"]
[Site "chess.com INT"]
[Date "2025.06.10"]
[Round "10"]
[White "Kilic, Eray"]
[Black "Shukhman, Anna"]
[Result "1/2-1/2"]
[WhiteTitle "IM"]
[BlackTitle "WGM"]
[WhiteElo "2474"]
[BlackElo "2413"]
[WhiteFideId "44517173"]
[BlackFideId "54180058"]
[EventDate "2025.06.10"]

1. e4 c5 2. c3 d5 3. exd5 Qxd5 4. d4 g6 5. Nf3 Bg7 6. dxc5 Qxc5 7. Be3 Qc7 8.
Na3 a6 9. Qb3 Be6 10. Bc4 Bxc4 11. Nxc4 Nd7 12. Ng5 Nh6 13. O-O-O O-O 14. Nb6
Nxb6 15. Qxb6 Rac8 16. Qxc7 Rxc7 17. Bf4 e5 18. Bg3 Nf5 19. Kc2 h6 20. Nf3 Nxg3
21. hxg3 f5 22. Rhe1 e4 23. Nd4 Re8 24. a3 Rce7 25. Re2 Kf7 26. a4 Bxd4 27. Rxd4
g5 28. Rd6 Re6 29. Rd7+ R8e7 30. Rd5 Re5 31. Rd6 R5e6 32. Rd8 f4 33. gxf4 gxf4
34. Rd4 Kg6 35. Re1 Kf5 36. b4 Rg6 37. Rg1 Reg7 38. Rd5+ Ke6 39. Rh5 Rxg2 40.
Rxh6+ Kf7 41. Rf1 e3 42. Kd3 Rxf2 43. Rxf2 exf2 44. Ke2 Rg3 45. Kxf2 Rxc3 46.
Rh7+ Ke6 47. Rxb7 Kd5 48. Rf7 Ke5 49. Re7+ Kd5 50. Rf7 Ke5 51. Ra7 Rb3 52. Rb7
Kd5 53. Rb6 Kc4 54. Rxa6 Rxb4 55. Ra8 Kc5 56. Kf3 Kc6 57. a5 Ra4 58. Rc8+ Kb7
59. Rc5 Ka6 60. Rd5 Rxa5 61. Rd6+ Kb7 62. Kxf4 Kc7 63. Rh6 Kd7 64. Ke4 Ke7 65.
Rh7+ Ke6 66. Rh6+ Ke7 67. Rb6 Kd7 68. Kd4 Ke7 69. Rc6 Kd7 70. Rc5 Rxc5 71. Kxc5 1/2-1/2

[Event "Titled Tue 10th Jun Early"]
[Site "chess.com INT"]
[Date "2025.06.10"]
[Round "10"]
[White "Buscar, Michael"]
[Black "Howell, David W L"]
[Result "0-1"]
[BlackTitle "GM"]
[WhiteElo "2016"]
[BlackElo "2668"]
[WhiteFideId "2603616"]
[BlackFideId "410608"]
[EventDate "2025.06.10"]

1. d4 g6 2. c4 Nf6 3. Nc3 d5 4. Nf3 Bg7 5. Qb3 dxc4 6. Qxc4 O-O 7. Bf4 Na6 8. e3
c5 9. dxc5 Be6 10. Qa4 Nxc5 11. Qb5 Rc8 12. Rd1 Nfd7 13. Be2 a6 14. Qb4 Qb6 15.
Qxb6 Nxb6 16. Nd4 Bd7 17. Bg5 e5 18. Nb3 f6 19. Nxc5 Rxc5 20. Bh4 Bc6 21. f3 Nc4
22. Bxc4+ Rxc4 23. e4 Kf7 24. Bf2 Rc8 25. O-O Bf8 26. Be3 a5 27. Nd5 Rc2 28. Rf2
Rxf2 29. Kxf2 Ke6 30. b3 f5 31. exf5+ gxf5 32. Nb6 Re8 33. Nc4 Bb4 34. Bb6 Ra8
35. Rd8 Rxd8 36. Bxd8 a4 37. Bc7 Bc3 38. Ke2 b5 39. Nd2 Bd5 40. Kd3 Bb4 41. Bb8
h5 42. Bc7 a3 43. Bb8 Ba5 44. Kc2 Bb6 45. h3 e4 46. fxe4 fxe4 47. Bf4 e3 48. Nf3
Be4+ 49. Kd1 Bb1 50. Kc1 Bxa2 51. Kc2 Kf5 52. Bd6 e2 0-1

[Event "Titled Tue 10th Jun Early"]
[Site "chess.com INT"]
[Date "2025.06.10"]
[Round "10"]
[White "Oro, Faustino"]
[Black "Rosen, Eric"]
[Result "1-0"]
[WhiteTitle "IM"]
[BlackTitle "IM"]
[WhiteElo "2465"]
[BlackElo "2377"]
[WhiteFideId "20000197"]
[BlackFideId "2032562"]
[EventDate "2025.06.10"]

1. d4 d5 2. Nf3 Nf6 3. c4 e6 4. e3 a6 5. Nc3 Nbd7 6. Qc2 dxc4 7. a4 c5 8. dxc5
Nxc5 9. Bxc4 b6 10. O-O Bb7 11. Rd1 Qc7 12. Be2 Rc8 13. Bd2 Nce4 14. Rac1 Nxd2
15. Qxd2 Qb8 16. Nb5 Rxc1 17. Rxc1 Bc5 18. b4 Bxf3 19. gxf3 axb5 20. Bxb5+ Kf8
21. bxc5 bxc5 22. Rxc5 g6 23. Kg2 Kg7 24. Qc3 Rd8 25. a5 Qd6 26. a6 Ra8 27. Be2
Rxa6 28. Bxa6 Qxa6 29. Qd4 Qb6 30. Rc4 Qxd4 31. Rxd4 Ng8 32. f4 Ne7 33. Kf3 Kf6
34. Ra4 h6 35. Ra7 Nc6 36. Rc7 Nb4 37. e4 Nd3 38. Ke3 Nb4 39. f3 Na6 40. Rc8 Nb4
41. Kd4 Ke7 42. Rc7+ Kf6 43. Kc3 Na6 44. Rc8 Ke7 45. Kd4 Kd7 46. Rh8 h5 47. Ke5
Ke7 48. Rc8 Kd7 49. Ra8 Nc7 50. Ra7 Kc6 51. Kf6 h4 52. Kxf7 Nb5 53. Re7 Kc5 54.
Kxg6 Nd4 55. f5 1-0